000 00395 a2200157 4500
001 71622
020 _a
040 _cAnchieta - Colégio São Paulo
100 _aHenriques, Ariane Meireles
240 1 0 _aComo gostaria que fosse o meu Natal
_lpor
245 1 0 _aComo gostaria que fosse o meu Natal
300 _a[8p.]
362 0 _a1988
650 4 _aLiteratura infanto-juvenil
942 _cBK
999 _c71622
_d71622